|
|
|
|
| LEADER |
00000nab a2200000 4500 |
| 001 |
vtls012271268 |
| 003 |
SK-MaSNL |
| 005 |
20260304023435.0 |
| 008 |
250214c2018 xo br|p || ||00 c0ukr |
| 015 |
|
|
|a SNBRB2025/02
|
| 038 |
|
|
|a SVKPOCL
|
| 040 |
|
|
|a SVKPOCL
|b slo
|c SVKPOCL
|e rda
|
| 041 |
0 |
|
|a ukr
|
| 044 |
|
|
|a xo
|c SK
|
| 072 |
|
7 |
|a 821.161
|x Východoslovanské literatúry
|2 konspekt
|
| 080 |
|
|
|a 821.161.25(438)-94
|2 2011
|
| 080 |
|
|
|a (438)
|2 2011
|
| 100 |
1 |
|
|a Koczański, Jan,
|d 1934-2013
|4 aut
|9 1303321
|
| 240 |
1 |
0 |
|a Pryjizd lemkiv na Doneččynu
|k Úryvky
|
| 245 |
1 |
0 |
|a Pryjizd lemkiv na Doneččynu
|b (uryvok iz rukopysnoji knyhy spohadiv. V avtorskij redakciji zi značnym skoročennjam)
|c Ivan Kočans'kyj
|
| 336 |
|
|
|a text
|b txt
|2 rdacontent
|
| 337 |
|
|
|a bez média
|b n
|2 rdamedia
|
| 338 |
|
|
|a zväzok
|b nc
|2 rdacarrier
|
| 500 |
|
|
|a V rubrike Publicystyka
|
| 500 |
|
|
|a Kočans'kyj, Ivan pozri aj Koczański, Jan
|
| 650 |
0 |
7 |
|a ukrajinská próza
|2 SNKPH
|9 82745
|
| 650 |
0 |
7 |
|a ukrajinská literatúra
|2 SNKPH
|9 1218
|
| 650 |
0 |
7 |
|a memoárová literatúra
|2 SNKPH
|9 1291
|
| 773 |
0 |
|
|t Duklja
|g Rik vydannja 66, № 1 (2018), s. 53, 54
|x 0419-8131
|
| 852 |
|
|
|a SVKPO
|b KIS3GCP
|
| 958 |
|
|
|a PL
|
| 958 |
|
|
|a SS
|
| 958 |
|
|
|a LX
|
| 958 |
|
|
|a UA
|
| 958 |
|
|
|a NM
|
| 999 |
|
|
|c 2616413
|d 2618343
|